Práca školského sociálneho pedagóga so žiakmi zo sociálne znevýhodneného prostredia

Potreba pôsobenia sociálneho pedagóga na školách so zameraním na žiakov pochádzajúcich zo sociálne znevýhodneného prostredia. Projekt Inkluzívnej Edukácie (PRINED), prostredníctvom ktorého sa vytvára priestor pre zamestnanie sociálneho pedagóga na školách.

Salvato in:
Dettagli Bibliografici
Autore principale: Niklová, Miriam
Natura: Capitolo di libro
Lingua:slovacco
Soggetti:
Tags: Aggiungi Tag
Nessun Tag, puoi essere il primo ad aggiungerne!!

MARC

LEADER 00000naa a2200000 4500
001 0199742
005 20231127103338.5
041 0 |a slo 
044 |a SK 
245 1 0 |a Práca školského sociálneho pedagóga so žiakmi zo sociálne znevýhodneného prostredia  |c Miriam Niklová 
520 |a Potreba pôsobenia sociálneho pedagóga na školách so zameraním na žiakov pochádzajúcich zo sociálne znevýhodneného prostredia. Projekt Inkluzívnej Edukácie (PRINED), prostredníctvom ktorého sa vytvára priestor pre zamestnanie sociálneho pedagóga na školách. 
610 2 0 |a školstvo 
610 2 0 |a školy 
610 2 0 |a pedagogika sociálna 
610 2 0 |a poradenstvo 
610 2 0 |a správanie 
610 2 0 |a prevencia 
610 2 0 |a projekty 
610 2 0 |a žiaci 
100 1 |a Niklová, Miriam